[Event "Landesliga Nord 1819"]
[Site "Bayern"]
[Date "2018.11.11"]
[Round "2.6"]
[White "Wagner, Robert"]
[Black "Frieser, Klaus"]
[Result "1/2-1/2"]
[WhiteElo "2061"]
[BlackElo "2079"]
[PlyCount "30"]
[EventDate "2018.10.21"]
[EventType "team-tourn"]
[EventRounds "9"]
[EventCountry "GER"]
[SourceTitle "EXT 2022"]
[Source "ChessBase"]
[SourceDate "2021.10.06"]
[SourceVersion "1"]
[SourceVersionDate "2021.10.06"]
[SourceQuality "1"]
[WhiteTeam "Forchheim SC"]
[BlackTeam "Kelheim SK"]
[WhiteTeamCountry "GER"]
[BlackTeamCountry "GER"]

1. c4 e6 2. d4 d5 3. Nc3 f5 4. Bf4 c6 5. e3 Nf6 6. Bd3 Bd6 7. Nge2 0-0 8. Qc2 Ne4 9. Bxd6 Nxd6 10. cxd5 exd5 11. 0-0 Nd7 12. a4 a5 13. Ng3 g6 14. f3 Nf6 15. Rad1 Kg7 1/2-1/2

[Event "BL2-Ost 1718"]
[Site "Germany"]
[Date "2018.02.25"]
[Round "10.7"]
[White "Wagner, Robert"]
[Black "Roseneck, Jonas"]
[Result "0-1"]
[WhiteElo "2050"]
[BlackElo "2178"]
[PlyCount "118"]
[EventDate "2017.10.21"]
[EventType "team-tourn"]
[EventRounds "10"]
[EventCountry "GER"]
[SourceTitle "CBM 183 Extra"]
[Source "ChessBase"]
[SourceDate "2018.04.19"]
[SourceVersion "1"]
[SourceVersionDate "2018.04.19"]
[SourceQuality "1"]
[WhiteTeam "Forchheim"]
[BlackTeam "Magdeburg Aufbau Elbe"]
[WhiteTeamCountry "GER"]
[BlackTeamCountry "GER"]

1. d4 d5 2. c4 e6 3. Nc3 Bb4 4. cxd5 exd5 5. Nf3 Nf6 6. Bg5 Qd6 7. Bxf6 Qxf6 8. Qb3 Bxc3+ 9. bxc3 Qd6 10. e3 0-0 11. Bd3 Nd7 12. Rc1 Nb6 13. 0-0 Bd7 14. Qb1 g6 15. Ne5 Be6 16. c4 dxc4 17. Nxc4 Qe7 18. a4 Bd5 19. Qc2 Bxc4 20. Bxc4 Qb4 21. Bb3 c6 22. Rb1 Qa5 23. Rfc1 Rad8 24. Qc3 Qxc3 25. Rxc3 Nc8 26. Bd1 Nd6 27. Be2 Rd7 28. a5 a6 29. f3 f5 30. Kf2 Re8 31. g3 Kf7 32. Rb6 Ke7 33. Rc5 Nc8 34. Rb4 Kd6 35. Rc3 Na7 36. Rb6 Nc8 37. Rb4 Kc7 38. Rcb3 Nd6 39. Rc3 Kd8 40. Bd3 Rde7 41. Bc2 Nb5 42. Rd3 Kc8 43. Ba4 Nc7 44. Bb3 Rd8 45. Ke2 Rd6 46. Rc3 Nb5 47. Rd3 Nc7 48. Rd2 Nb5 49. Rc4 Kb8 50. Kd3 g5 51. e4 fxe4+ 52. fxe4 Rf6 53. Bd1 Rf1 54. Ke2 Rh1 55. Kf3 Nd6 56. Rcc2 Nxe4 57. Re2 Rf1+ 58. Kg4 Rxd1 59. Kf5 Rxd4 0-1

[Event "BL2-Ost 1718"]
[Site "Germany"]
[Date "2018.02.24"]
[Round "9.8"]
[White "Wagner, Robert"]
[Black "Casper, Thomas"]
[Result "1/2-1/2"]
[WhiteElo "2050"]
[BlackElo "2369"]
[PlyCount "83"]
[EventDate "2017.10.21"]
[EventType "team-tourn"]
[EventRounds "10"]
[EventCountry "GER"]
[SourceTitle "CBM 183 Extra"]
[Source "ChessBase"]
[SourceDate "2018.04.19"]
[SourceVersion "1"]
[SourceVersionDate "2018.04.19"]
[SourceQuality "1"]
[WhiteTeam "Forchheim"]
[BlackTeam "Erfurt"]
[WhiteTeamCountry "GER"]
[BlackTeamCountry "GER"]

1. d4 Nf6 2. c4 d6 3. Nc3 Nbd7 4. e4 e5 5. d5 Nc5 6. Bd3 Nxd3+ 7. Qxd3 Be7 8. Nge2 0-0 9. Ng3 Nd7 10. Be3 Nc5 11. Bxc5 dxc5 12. 0-0 g6 13. Rae1 Bd6 14. Nge2 Bd7 15. f4 exf4 16. Nxf4 Be5 17. Qf3 f5 18. Nce2 Qe7 19. Ng3 Rae8 20. Kh1 Qd6 21. exf5 Bxf4 22. Rxe8 Rxe8 23. Qxf4 Qxf4 24. Rxf4 Bxf5 25. Kg1 Re1+ 26. Rf1 Rxf1+ 27. Nxf1 Kf7 28. Kf2 Kf6 29. Ke3 Ke5 30. Nd2 b6 31. Nf3+ Kf6 32. Kf4 h6 33. h4 Bd3 34. b3 Bb1 35. g4 a5 36. g5+ hxg5+ 37. hxg5+ Ke7 38. Nd2 Bc2 39. Ke5 a4 40. bxa4 Bxa4 41. Ne4 Bd1 42. d6+ 1/2-1/2

[Event "BL2-Ost 1718"]
[Site "Germany"]
[Date "2017.12.09"]
[Round "5.7"]
[White "Wagner, Robert"]
[Black "Heimrath, Reiner"]
[Result "0-1"]
[WhiteElo "2050"]
[BlackElo "2260"]
[PlyCount "168"]
[EventDate "2017.10.21"]
[EventType "team-tourn"]
[EventRounds "10"]
[EventCountry "GER"]
[SourceTitle "CBM 183 Extra"]
[Source "ChessBase"]
[SourceDate "2018.04.19"]
[SourceVersion "1"]
[SourceVersionDate "2018.04.19"]
[SourceQuality "1"]
[WhiteTeam "Forchheim"]
[BlackTeam "Nuernberg NT"]
[WhiteTeamCountry "GER"]
[BlackTeamCountry "GER"]

1. d4 Nf6 2. c4 g6 3. f3 Bg7 4. e4 d6 5. Nc3 0-0 6. Be3 e5 7. d5 Ne8 8. Qd2 f5 9. Nge2 Nd7 10. 0-0-0 a6 11. Kb1 Nef6 12. Bg5 Qe8 13. Nc1 fxe4 14. fxe4 Nc5 15. Bd3 Bd7 16. b4 Na4 17. Nb3 Nxc3+ 18. Qxc3 Ng4 19. Rde1 Nf2 20. Rhf1 Nxd3 21. Qxd3 Ba4 22. Be3 Qd7 23. h3 Bf6 24. Bh6 Bg7 25. Be3 Qe7 26. Nd2 Rxf1 27. Rxf1 Bd7 28. Rf3 Qh4 29. Qf1 Qe7 30. Qe1 c6 31. Nb3 cxd5 32. Bg5 Qe8 33. cxd5 Rc8 34. Rc3 Rxc3 35. Qxc3 Qf8 36. Kb2 Qf2+ 37. Qc2 Qb6 38. a3 h6 39. Bh4 Ba4 40. Bf2 Qb5 41. Kc3 Qf1 42. Be3 b5 43. Kb2 Kh7 44. Bb6 Qf4 45. Qe2 h5 46. Nc1 Bh6 47. Nd3 Qg3 48. Kc3 Qg5 49. Kb2 Kg8 50. Bc7 Qe7 51. Bb6 Qg5 52. Bc7 Bf8 53. Bb6 Qg3 54. Kc3 Bh6 55. Qf2 Qxf2 56. Nxf2 Kf7 57. Kb2 Bd2 58. Ba7 Kf6 59. g3 h4 60. gxh4 Ke7 61. Bb6 Kd7 62. Kb1 Bb3 63. Kb2 Bc4 64. Kc2 Bf4 65. Ng4 Be2 66. Ne3 Bg3 67. Ng4 Bxh4 68. Kd2 Bf1 69. Bf2 Bg5+ 70. Be3 Bd8 71. Nf2 Ke8 72. Bh6 Kf7 73. Ke3 g5 74. Kf3 Be7 75. h4 gxh4 76. Ng4 Kg6 77. Be3 Kh5 78. Nh2 Bd3 79. Bb6 Bg5 80. Bc7 Bf4 81. Ng4 Bxe4+ 82. Kxe4 Kxg4 83. Bxd6 h3 84. Bxe5 h2 0-1

[Event "BL2-Ost 1718"]
[Site "Germany"]
[Date "2017.11.12"]
[Round "4.7"]
[White "Wagner, Robert"]
[Black "Tong, Kevin"]
[Result "1/2-1/2"]
[WhiteElo "2050"]
[BlackElo "2140"]
[PlyCount "139"]
[EventDate "2017.10.21"]
[EventType "team-tourn"]
[EventRounds "10"]
[EventCountry "GER"]
[SourceTitle "CBM 183 Extra"]
[Source "ChessBase"]
[SourceDate "2018.04.19"]
[SourceVersion "1"]
[SourceVersionDate "2018.04.19"]
[SourceQuality "1"]
[WhiteTeam "Forchheim"]
[BlackTeam "Erlangen"]
[WhiteTeamCountry "GER"]
[BlackTeamCountry "GER"]

1. d4 d5 2. c4 c6 3. cxd5 cxd5 4. Nc3 Nf6 5. Bf4 Nc6 6. e3 Bf5 7. Qb3 Na5 8. Qa4+ Bd7 9. Qc2 e6 10. Bd3 Be7 11. Nf3 Nc6 12. a3 Nh5 13. Be5 h6 14. 0-0 0-0 15. b4 f6 16. Bg3 Nxg3 17. hxg3 f5 18. Na4 Rc8 19. Qb3 b6 20. Rfc1 Nb8 21. Nc3 Bf6 22. Rc2 Qe7 23. Rac1 Rfd8 24. Ne2 Rxc2 25. Rxc2 Qd6 26. Nc3 Qe7 27. Na2 Rc8 28. Rxc8+ Bxc8 29. b5 Qc7 30. Ne1 Be7 31. Nc2 Kf7 32. Nc3 g6 33. Kf1 Bd7 34. Ke2 Bd6 35. Kd2 Be8 36. Nb4 Kf8 37. Be2 Nd7 38. Bf3 Nf6 39. Nd3 Bd7 40. a4 Kg7 41. Nb4 Nh7 42. Nca2 Ng5 43. Qc2 Qxc2+ 44. Nxc2 Kf6 45. Nab4 Ke7 46. Kc3 Nf7 47. Be2 Nd8 48. Na1 Nb7 49. Nb3 g5 50. Nc2 Be8 51. Nd2 Na5 52. Nb3 Nxb3 53. Kxb3 Kd7 54. Kc3 Kc7 55. Kd2 Bg6 56. f4 Be8 57. Ke1 Be7 58. Kf2 a6 59. Bd3 a5 60. Be2 Bd6 61. Ne1 Be7 62. Nd3 Bf6 63. Kg1 Kd6 64. Kh2 Ke7 65. Kh3 g4+ 66. Kh2 h5 67. Bd1 Kd6 68. Kg1 Bf7 69. Kf2 Bg6 70. Ne1 1/2-1/2

[Event "BL2-Ost 1718"]
[Site "Germany"]
[Date "2017.10.22"]
[Round "2.7"]
[White "Stips, Felix"]
[Black "Wagner, Robert"]
[Result "1/2-1/2"]
[WhiteElo "2308"]
[BlackElo "2050"]
[PlyCount "39"]
[EventDate "2017.10.21"]
[EventType "team-tourn"]
[EventRounds "10"]
[EventCountry "GER"]
[SourceTitle "CBM 183 Extra"]
[Source "ChessBase"]
[SourceDate "2018.04.19"]
[SourceVersion "1"]
[SourceVersionDate "2018.04.19"]
[SourceQuality "1"]
[WhiteTeam "Bindlach"]
[BlackTeam "Forchheim"]
[WhiteTeamCountry "GER"]
[BlackTeamCountry "GER"]

1. b3 e5 2. Bb2 Nc6 3. e3 Nf6 4. Bb5 d6 5. d4 exd4 6. exd4 a6 7. Be2 Be7 8. Nf3 0-0 9. 0-0 Bf5 10. d5 Ne5 11. Nd4 Bd7 12. c4 Ne4 13. Qc2 Nc5 14. Nc3 a5 15. Nf5 Bf6 16. Ne3 Re8 17. Rad1 Ng6 18. Rfe1 Nf4 19. Bf3 Be5 20. Nf1 1/2-1/2

[Event "BL2-Ost 1718"]
[Site "Germany"]
[Date "2017.10.21"]
[Round "1.7"]
[White "Wagner, Robert"]
[Black "Langrock, Hannes"]
[Result "0-1"]
[WhiteElo "2050"]
[BlackElo "2385"]
[PlyCount "68"]
[EventDate "2017.10.21"]
[EventType "team-tourn"]
[EventRounds "10"]
[EventCountry "GER"]
[SourceTitle "CBM 183 Extra"]
[Source "ChessBase"]
[SourceDate "2018.04.19"]
[SourceVersion "1"]
[SourceVersionDate "2018.04.19"]
[SourceQuality "1"]
[WhiteTeam "Forchheim"]
[BlackTeam "Nickelhuette Aue"]
[WhiteTeamCountry "GER"]
[BlackTeamCountry "GER"]

1. d4 Nf6 2. c4 e6 3. Nc3 Bb4 4. Qc2 0-0 5. Nf3 d5 6. cxd5 exd5 7. Bf4 c5 8. dxc5 Ne4 9. e3 Qa5 10. Bd3 Nxc3 11. Bxh7+ Kh8 12. 0-0 Ne4 13. Bxe4 dxe4 14. Ng5 Bf5 15. Bd6 Qd8 16. f4 f6 17. Bxf8 Qxf8 18. Ne6 Qc8 19. Nd4 Nc6 20. a3 Nxd4 21. exd4 e3 22. Qc4 Bd2 23. h3 Be4 24. Rad1 Qf5 25. Rxd2 exd2 26. Rd1 Qxf4 27. Qe2 Kg8 28. Rxd2 Bd5 29. b4 a6 30. Rd1 Kf8 31. Qd3 Re8 32. a4 Re3 33. Qd2 Qe4 34. Kf2 Qxg2+ 0-1

[Event "Landesliga Nord 1617"]
[Site "Bayern"]
[Date "2017.03.19"]
[Round "7.5"]
[White "Seibold, Hubert"]
[Black "Wagner, Robert"]
[Result "1/2-1/2"]
[WhiteElo "2042"]
[BlackElo "2034"]
[PlyCount "129"]
[EventDate "2016.10.16"]
[EventType "team-tourn"]
[EventRounds "9"]
[EventCountry "GER"]
[SourceTitle "EXT 2019"]
[Source "ChessBase"]
[SourceDate "2018.10.10"]
[SourceVersion "1"]
[SourceVersionDate "2018.10.10"]
[SourceQuality "1"]
[WhiteTeam "Zirndorf"]
[BlackTeam "Forchheim II"]
[WhiteTeamCountry "GER"]
[BlackTeamCountry "GER"]

1. c4 c6 2. d4 d5 3. Nf3 Nf6 4. Bf4 dxc4 5. e3 b5 6. a4 e6 7. Be2 Bb4+ 8. Nbd2 Bb7 9. 0-0 0-0 10. Qc2 Nbd7 11. b3 c3 12. Ne4 Nxe4 13. Qxe4 Nf6 14. Qc2 Nd5 15. Bg5 Qe8 16. e4 Nb6 17. a5 Nd7 18. a6 Bc8 19. d5 Nc5 20. dxc6 Qxc6 21. Be7 Re8 22. Nd4 Qb6 23. Bg5 Bxa6 24. Be3 Rac8 25. f4 Bb7 26. Bf3 e5 27. fxe5 Ne6 28. Nf5 Bc5 29. Qxc3 g6 30. Bxc5 Rxc5 31. Qe3 gxf5 32. exf5 Bxf3 33. fxe6 Rxe5 34. Qxb6 axb6 35. exf7+ Kxf7 36. Rxf3+ Kg6 37. Raf1 R8e6 38. Rg3+ Kh6 39. h3 Re1 40. Rg4 R1e5 41. Kh2 Rd6 42. Rf7 Re3 43. Rh4+ Kg5 44. Rg4+ Kh6 45. b4 Re2 46. Rf5 Rg6 47. Rxg6+ hxg6 48. Rxb5 Re6 49. h4 Rc6 50. Kh3 Rd6 51. g3 Rc6 52. Rg5 Rc4 53. b5 Rb4 54. Kg2 Rb3 55. Kf2 Ra3 56. Rd5 Rb3 57. Kg2 Rb2+ 58. Kh3 Rb3 59. h5 gxh5 60. Rd6+ Kg5 61. Rxb6 h4 62. Rb8 Rxg3+ 63. Kh2 Rb3 64. b6 Kg4 65. Rg8+ 1/2-1/2

[Event "Bayernliga U20 1617"]
[Site "Bayern"]
[Date "2017.03.11"]
[Round "6.2"]
[White "Gabler, Eric"]
[Black "Wagner, Robert"]
[Result "0-1"]
[WhiteElo "2091"]
[BlackElo "2065"]
[PlyCount "130"]
[EventDate "2016.11.12"]
[EventType "team-tourn"]
[EventRounds "7"]
[EventCountry "GER"]
[SourceTitle "EXT 2022"]
[Source "ChessBase"]
[SourceDate "2021.10.06"]
[SourceVersion "1"]
[SourceVersionDate "2021.10.06"]
[SourceQuality "1"]
[WhiteTeam "Regensburg Bavaria"]
[BlackTeam "Forchheim SC U20"]
[WhiteTeamCountry "GER"]
[BlackTeamCountry "GER"]

1. d4 d5 2. c4 c6 3. Nc3 Nf6 4. e3 e6 5. Nf3 Nbd7 6. Bd3 dxc4 7. Bxc4 b5 8. Bd3 a6 9. 0-0 Bb7 10. b3 Be7 11. Bb2 c5 12. Rc1 0-0 13. Ne5 Nxe5 14. dxe5 Nd5 15. Ne4 Nb4 16. Nd6 Bxd6 17. exd6 Qg5 18. e4 Nxa2 19. f4 Qg6 20. Rxc5 f6 21. Qe1 b4 22. Rc7 Rab8 23. Rf3 Rf7 24. f5 Qg5 25. Bc4 Rxc7 26. dxc7 Re8 27. Bxe6+ Rxe6 28. fxe6 Qc5+ 29. Qf2 Qxc7 30. Rxf6 gxf6 31. Qxf6 Nc3 32. Qg5+ Kf8 33. Qf6+ Kg8 34. Qg5+ Kf8 35. Qf6+ Ke8 36. Qh8+ Ke7 37. Qxh7+ Kd6 38. e5+ Kc6 39. e7 Qxe5 40. Qg6+ Kd7 41. Bxc3 bxc3 42. e8Q+ Qxe8 43. Qd3+ Kc7 44. Qxc3+ Bc6 45. h3 Qe4 46. Qg3+ Kb6 47. Qf2+ Kb5 48. Qd2 Qb4 49. Qe2+ Kb6 50. Qd3 Qc5+ 51. Kh2 Qe5+ 52. Kg1 Qd5 53. Qg3 Kc5 54. Qc3+ Kb5 55. Qg3 Kb4 56. Kf2 a5 57. h4 Qxb3 58. Qd6+ Kb5 59. Qb8+ Ka4 60. Qd6 Qc2+ 61. Ke3 Qc3+ 62. Ke2 Kb3 63. Qb8+ Kc2 64. Qd8 a4 65. Qd6 a3 0-1

[Event "GER-ch U25-A"]
[Site "Willingen"]
[Date "2016.05.21"]
[Round "9"]
[White "Wagner, Robert"]
[Black "Pluska, Alexander"]
[Result "1-0"]
[WhiteElo "2009"]
[BlackElo "2158"]
[PlyCount "81"]
[EventDate "2016.05.15"]
[EventType "swiss"]
[EventRounds "9"]
[EventCountry "GER"]
[SourceTitle "CBM 172 Extra"]
[Source "ChessBase"]
[SourceDate "2016.06.21"]
[SourceVersion "1"]
[SourceVersionDate "2016.06.21"]
[SourceQuality "1"]

1. d4 Nf6 2. c4 g6 3. Nc3 Bg7 4. e4 d6 5. f3 a6 6. Be3 c6 7. a4 a5 8. Qd2 0-0 9. Bd3 Na6 10. Nge2 e5 11. d5 cxd5 12. cxd5 Nd7 13. 0-0 Ndc5 14. Nc1 f5 15. Ra3 f4 16. Bf2 g5 17. Bxa6 Nxa6 18. Nd3 Rf6 19. Nb5 Rh6 20. Rc1 b6 21. Nc7 Rb8 22. Nxa6 Bxa6 23. Rc6 Qe8 24. Kh1 Qh5 25. Bg1 g4 26. fxg4 Qxg4 27. Ne1 Bf8 28. Rb3 Qg6 29. Rbxb6 Rxb6 30. Rxb6 Bf1 31. Qf2 Bc4 32. Qf3 Ba2 33. Qd3 Qe8 34. Qc2 Bxd5 35. exd5 e4 36. Rc6 Qe5 37. Rc4 e3 38. Qe4 Qxb2 39. Qxf4 Qd2 40. Rc8 Qxe1 41. Qxf8# 1-0

[Event "GER-ch U25-A"]
[Site "Willingen"]
[Date "2016.05.15"]
[Round "1"]
[White "Wagner, Robert"]
[Black "Adelmeyer, Matti"]
[Result "1-0"]
[WhiteElo "2009"]
[BlackElo "1677"]
[PlyCount "63"]
[EventDate "2016.05.15"]
[EventType "swiss"]
[EventRounds "9"]
[EventCountry "GER"]
[SourceTitle "CBM 172 Extra"]
[Source "ChessBase"]
[SourceDate "2016.06.21"]
[SourceVersion "1"]
[SourceVersionDate "2016.06.21"]
[SourceQuality "1"]

1. d4 d5 2. c4 Nf6 3. cxd5 Nxd5 4. e4 Nf6 5. Nc3 e6 6. Be3 Bb4 7. Qa4+ Nc6 8. Bb5 Bxc3+ 9. bxc3 Bd7 10. f3 0-0 11. Ne2 a6 12. Bxc6 Bxc6 13. Qb3 h6 14. 0-0 b5 15. Nf4 Qe7 16. Rfc1 Rfd8 17. c4 e5 18. Nd5 Bxd5 19. cxd5 Rac8 20. Rc6 Rd6 21. Rac1 Rxc6 22. Rxc6 Rd8 23. Qc3 exd4 24. Bxd4 Ne8 25. Rxa6 b4 26. Qc5 Qxc5 27. Bxc5 Rb8 28. Ra4 Nd6 29. Rxb4 Ra8 30. a4 Nc8 31. Kf2 Nb6 32. d6 1-0

[Event "Bayernliga U20 1516"]
[Site "Bayern"]
[Date "2016.01.23"]
[Round "4.4"]
[White "Drechsel, Simon"]
[Black "Wagner, Robert"]
[Result "0-1"]
[WhiteElo "1583"]
[BlackElo "1993"]
[PlyCount "66"]
[EventDate "2015.11.21"]
[EventType "team-tourn"]
[EventRounds "7"]
[EventCountry "GER"]
[SourceTitle "EXT 2022"]
[Source "ChessBase"]
[SourceDate "2021.10.06"]
[SourceVersion "1"]
[SourceVersionDate "2021.10.06"]
[SourceQuality "1"]
[WhiteTeam "Neumarkt U20"]
[BlackTeam "Forchheim SC U20"]
[WhiteTeamCountry "GE2"]
[BlackTeamCountry "GER"]

1. b3 e5 2. Bb2 Nc6 3. e3 g6 4. Bb5 Nge7 5. f4 Bg7 6. Nf3 f6 7. 0-0 0-0 8. d3 a6 9. Bxc6 Nxc6 10. Nbd2 d5 11. fxe5 fxe5 12. e4 d4 13. Qe2 Qe7 14. Rf2 Bg4 15. h3 Bd7 16. Nc4 Rf7 17. Ba3 Qd8 18. Raf1 b5 19. Ncd2 Bh6 20. Nh2 Rxf2 21. Qxf2 Be3 22. Nhf3 Bxf2+ 23. Rxf2 Qf6 24. Nxd4 Qxf2+ 25. Kxf2 Nxd4 26. Bb2 a5 27. c3 Nc6 28. Ke3 a4 29. bxa4 bxa4 30. c4 Rb8 31. Bc3 Nb4 32. Bxe5 Nxa2 33. Bxc7 Rb2 0-1

[Event "GER-chT U20"]
[Site "Osnabrueck"]
[Date "2015.12.28"]
[Round "4.4"]
[White "Wagner, Robert"]
[Black "Mikeler, Marcel"]
[Result "1/2-1/2"]
[WhiteElo "1956"]
[BlackElo "1873"]
[PlyCount "87"]
[EventDate "2015.12.27"]
[EventType "team-swiss"]
[EventRounds "7"]
[EventCountry "GER"]
[SourceTitle "EXT 2017"]
[Source "ChessBase"]
[SourceDate "2016.10.25"]
[SourceVersion "1"]
[SourceVersionDate "2016.10.25"]
[SourceQuality "1"]
[WhiteTeam "Forchheim"]
[BlackTeam "Heilbronn"]
[WhiteTeamCountry "GER"]
[BlackTeamCountry "GER"]

1. d4 d5 2. c4 c6 3. cxd5 cxd5 4. Nf3 Nc6 5. Nc3 Nf6 6. g3 g6 7. Bg2 Bg7 8. 0-0 0-0 9. Bf4 Bf5 10. Be5 Qd7 11. Rc1 Rac8 12. Bxf6 Bxf6 13. Qb3 Rfd8 14. Ne5 Nxe5 15. dxe5 Bxe5 16. Nxd5 Be6 17. Rxc8 Rxc8 18. Rd1 Bd6 19. Qd3 Qa4 20. a3 b6 21. Bf3 Qc2 22. Qd4 Rc4 23. Qd2 Qxd2 24. Rxd2 Rc1+ 25. Kg2 Kg7 26. e3 h6 27. Nf4 Bc4 28. Be2 Bb3 29. Nd3 Rc2 30. Rxc2 Bxc2 31. f4 f5 32. Kf3 Ba4 33. Nf2 Bc6+ 34. e4 Bc5 35. Bd3 Kf6 36. Nd1 e5 37. h4 Bd4 38. b3 g5 39. hxg5+ hxg5 40. fxg5+ Kxg5 41. Ne3 Bxe3 42. Kxe3 Bd7 43. a4 Bc6 44. Bc4 1/2-1/2

[Event "Forchheim op-B 14th"]
[Site "Forchheim"]
[Date "2015.10.04"]
[Round "4"]
[White "Faralisz, Patrick"]
[Black "Wagner, Robert"]
[Result "0-1"]
[WhiteElo "1641"]
[BlackElo "1868"]
[PlyCount "138"]
[EventDate "2015.10.02"]
[EventType "swiss"]
[EventRounds "5"]
[EventCountry "GER"]
[SourceTitle "EXT 2019"]
[Source "ChessBase"]
[SourceDate "2018.10.10"]
[SourceVersion "1"]
[SourceVersionDate "2018.10.10"]
[SourceQuality "1"]

1. e4 c5 2. Nf3 d6 3. Bb5+ Bd7 4. Bxd7+ Nxd7 5. 0-0 Ngf6 6. Qe2 g6 7. c3 Bg7 8. d4 cxd4 9. cxd4 0-0 10. Nc3 Nb6 11. h3 Rc8 12. Bf4 Qc7 13. Rac1 Qc4 14. Qe3 Qb4 15. b3 Qa5 16. Bh2 Rc7 17. e5 Nfd5 18. Nxd5 Nxd5 19. Qd2 Qxd2 20. Nxd2 dxe5 21. Rxc7 Nxc7 22. Bxe5 Ne6 23. Bxg7 Kxg7 24. Nf3 Kf6 25. Rc1 Rd8 26. g3 Nxd4 27. Nxd4 Rxd4 28. Rc7 Rb4 29. Kg2 Ke6 30. Kf3 Kd6 31. Rc8 Kd7 32. Ra8 a6 33. Rh8 h5 34. h4 Rb5 35. Rb8 Ke6 36. Ke4 Rb4+ 37. Kd3 Kd6 38. Rf8 Ke6 39. Rb8 Rb5 40. Ke4 Kd6 41. Kd4 Kc7 42. Rf8 Rf5 43. f4 e6 44. Ke4 Kc6 45. Rc8+ Kb5 46. Rb8 b6 47. Rb7 a5 48. a4+ Kc6 49. Rb8 Kc5 50. Rb7 f6 51. Re7 Kb4 52. Rxe6 Kxb3 53. Rxb6+ Kxa4 54. Kd4 Ka3 55. Kc4 a4 56. Kd4 Ka2 57. Kc4 a3 58. Kc3 Ka1 59. Kd3 a2 60. Kc2 Rc5+ 61. Kd2 g5 62. Rxf6 gxh4 63. gxh4 Kb2 64. Rb6+ Ka3 65. Ra6+ Kb3 66. Ra7 Rc4 67. Kd3 Ra4 68. Rb7+ Ka3 69. Kc2 a1Q 0-1

[Event "Mittelfranken-chTB2b 1415"]
[Site "Mittelfranken"]
[Date "2015.03.08"]
[Round "7.2"]
[White "Wagner, Robert"]
[Black "Kroneder, Christian"]
[Result "0-1"]
[WhiteElo "1993"]
[BlackElo "2019"]
[PlyCount "68"]
[EventDate "2014.09.28"]
[EventType "team-tourn"]
[EventRounds "9"]
[EventCountry "GER"]
[SourceTitle "EXT 2020"]
[Source "ChessBase"]
[SourceDate "2019.10.17"]
[SourceVersion "1"]
[SourceVersionDate "2019.10.17"]
[SourceQuality "1"]
[WhiteTeam "Forchheim III"]
[BlackTeam "Schwanstetten"]
[WhiteTeamCountry "GER"]
[BlackTeamCountry "GER"]

1. c4 c6 2. Nf3 d5 3. cxd5 cxd5 4. d4 Nf6 5. Nc3 Nc6 6. Bf4 Bg4 7. Ne5 Qb6 8. Nxg4 Nxg4 9. Nxd5 Qa5+ 10. Nc3 e5 11. e3 Nxf2 12. Kxf2 exf4 13. Qf3 fxe3+ 14. Qxe3+ Be7 15. Bb5 0-0 16. Bxc6 Bg5 17. Qg3 bxc6 18. Rhe1 Bf6 19. Rad1 Rad8 20. Re4 Qb6 21. Ne2 Qxb2 22. Kg1 Rfe8 23. Qe3 Rxe4 24. Qxe4 Qxa2 25. Nf4 Qa4 26. Re1 Qxd4+ 27. Kf1 Qxe4 28. Rxe4 Kf8 29. Ne2 c5 30. Ra4 Rd7 31. Kf2 Ke7 32. Ke3 Bg5+ 33. Ke4 g6 34. Nc3 f5+ 0-1

[Event "Bayernliga U20 1314"]
[Site "Bayern"]
[Date "2014.01.25"]
[Round "4.5"]
[White "Wagner, Robert"]
[Black "Klinkhammer, Christopher"]
[Result "1/2-1/2"]
[WhiteElo "1993"]
[BlackElo "1376"]
[PlyCount "99"]
[EventDate "2013.11.16"]
[EventType "team-tourn"]
[EventRounds "7"]
[EventCountry "GER"]
[SourceTitle "EXT 2022"]
[Source "ChessBase"]
[SourceDate "2021.10.06"]
[SourceVersion "1"]
[SourceVersionDate "2021.10.06"]
[SourceQuality "1"]
[WhiteTeam "Forchheim SC U20"]
[BlackTeam "Amberg SGS U20"]
[WhiteTeamCountry "GER"]
[BlackTeamCountry "GER"]

1. d4 Nf6 2. c4 e6 3. Nf3 b6 4. e3 Bb7 5. Bd3 d5 6. 0-0 Be7 7. b3 0-0 8. Bb2 c5 9. Nbd2 Nbd7 10. Qe2 Rc8 11. Rfd1 dxc4 12. Nxc4 cxd4 13. Nxd4 Rc5 14. Nf3 Re8 15. Nfe5 Qa8 16. f3 Nxe5 17. Nxe5 Nd5 18. Bc4 Nf6 19. Nd7 Nxd7 20. Rxd7 Bc6 21. Rd2 Bd5 22. Rc1 Bxc4 23. Rxc4 Rxc4 24. Qxc4 Rd8 25. Qc2 Rxd2 26. Qxd2 Qd8 27. Qxd8+ Bxd8 28. Kf2 Bc7 29. h3 Kf8 30. Ke2 g6 31. Kd3 b5 32. Bd4 a6 33. Kc3 Bd6 34. a4 bxa4 35. bxa4 Ke7 36. Kc4 Kd7 37. Bc5 Bc7 38. Kd4 Kc6 39. Kc4 Ba5 40. Bd4 Be1 41. Bf6 Bd2 42. e4 Be3 43. Be7 Bf2 44. Bg5 Bb6 45. Bd2 Bf2 46. Bc3 Bb6 47. Bd4 Ba5 48. Be3 Bc7 49. Kb4 Bd8 50. Bd4 1/2-1/2

[Event "GER-chT U20"]
[Site "Osnabrueck"]
[Date "2013.12.29"]
[Round "5.5"]
[White "Wagner, Robert"]
[Black "Rieper, Julian"]
[Result "1/2-1/2"]
[WhiteElo "1798"]
[BlackElo "1745"]
[PlyCount "116"]
[EventDate "2013.12.27"]
[EventType "team-swiss"]
[EventRounds "7"]
[EventCountry "GER"]
[SourceTitle "EXT 2015"]
[Source "ChessBase"]
[SourceDate "2014.11.20"]
[SourceVersion "1"]
[SourceVersionDate "2014.11.20"]
[SourceQuality "1"]
[WhiteTeam "Forchheim"]
[BlackTeam "Kiel Doppelbauer"]
[WhiteTeamCountry "GER"]
[BlackTeamCountry "GER"]

1. d4 d5 2. c4 c6 3. Nf3 Nf6 4. e3 e6 5. Bd3 Nbd7 6. Nc3 Bd6 7. e4 dxe4 8. Nxe4 Nxe4 9. Bxe4 Nf6 10. Bc2 0-0 11. 0-0 c5 12. Bg5 h6 13. Bh4 cxd4 14. Qxd4 Be7 15. Qc3 Nd5 16. cxd5 Bxh4 17. Qd3 g6 18. dxe6 Bxe6 19. Qe3 Bg5 20. Nxg5 Qxg5 21. Qxg5 hxg5 22. Rfe1 Bd5 23. Be4 Rad8 24. Bxd5 Rxd5 25. Re7 Rfd8 26. Rae1 Rd1 27. Kf1 R8d7 28. Re8+ Kg7 29. R8e2 R7d2 30. f3 a6 31. Kf2 b6 32. Rxd1 Rxd1 33. Rc2 Rd6 34. Ke3 Kf6 35. Rc7 Ke6 36. Ra7 b5 37. Rc7 Kf6 38. Rc2 Ke6 39. Ke4 Kf6 40. b3 Ke6 41. Ke3 Kf6 42. Rc5 Re6+ 43. Kd3 Re5 44. Rc6+ Re6 45. Rxe6+ Kxe6 46. Kd4 Kd6 47. b4 f6 48. Ke4 Ke6 49. g3 Kd6 50. Kd4 Kc6 51. h4 Kd6 52. hxg5 fxg5 53. a3 g4 54. f4 Ke6 55. Kc5 Kf5 56. Kd5 Kf6 57. Kd6 Kf5 58. Kd5 Kf6 1/2-1/2

[Event "Bayernliga U20 1314"]
[Site "Bayern"]
[Date "2013.11.30"]
[Round "2.5"]
[White "Schindler, Tobias"]
[Black "Wagner, Robert"]
[Result "1/2-1/2"]
[WhiteElo "1853"]
[BlackElo "1993"]
[PlyCount "78"]
[EventDate "2013.11.16"]
[EventType "team-tourn"]
[EventRounds "7"]
[EventCountry "GER"]
[SourceTitle "EXT 2022"]
[Source "ChessBase"]
[SourceDate "2021.10.06"]
[SourceVersion "1"]
[SourceVersionDate "2021.10.06"]
[SourceQuality "1"]
[WhiteTeam "Kelheim SK U20"]
[BlackTeam "Forchheim SC U20"]
[WhiteTeamCountry "GER"]
[BlackTeamCountry "GER"]

1. c4 Nf6 2. g3 e6 3. Bg2 d5 4. Nf3 Bd6 5. 0-0 0-0 6. d3 c5 7. Bg5 Nbd7 8. Nc3 d4 9. Ne4 Be7 10. Nxf6+ Bxf6 11. Bxf6 Qxf6 12. Rb1 e5 13. Nd2 Qe7 14. a3 Rb8 15. b4 b6 16. Qc2 Bb7 17. Bxb7 Rxb7 18. Nb3 Rc8 19. Rb2 f5 20. bxc5 Nxc5 21. Nxc5 Rxc5 22. Rfb1 Rbc7 23. a4 Ra5 24. Rb5 Rc5 25. Qa2 Raxb5 26. Rxb5 Qc7 27. Qb3 Rxb5 28. Qxb5 Kf7 29. Qd5+ Kf6 30. f4 g5 31. fxg5+ Kxg5 32. Kg2 Kf6 33. h3 Qf7 34. Qf3 Ke6 35. Qc6+ Ke7 36. Qc7+ Ke6 37. Qxf7+ Kxf7 38. Kf3 Ke6 39. e4 dxe3 1/2-1/2